000 00586nam a2200193Ii 4500
003 JO-AjNU
008 230605s9999||||xx |||||||||||||| ||und||
040 _aJO-AjNU
_bara
_erda
_cJO-AjNU
041 _aara
050 1 4 _aJS67.S24 2011
100 3 _aتاليف فوزي، صلاح الدين,
_eauthor
_944713
245 0 0 _aالإدارة المحلية
264 3 1 _aمصر:(د.ن)،2011
300 _a303ص
336 _atext
_btxt
_2rdacontent
337 _aunmediated
_bn
_2rdamedia
338 _avolume
_bnc
_2rdacarrier
650 4 _aالادارة المحلية -مصر
_944714
999 _aA19327
_c22895
_d22895